| 000 | 00694nam a22002057a 4500 | ||
|---|---|---|---|
| 003 | OSt | ||
| 005 | 20150408114210.0 | ||
| 008 | 140304s 2011jo a g b 00| 0 ara d | ||
| 020 | _a9789957910174 | ||
| 040 | _ama-un | ||
| 082 |
_221 _a615.53 _bق و خ |
||
| 100 | _aقمحية، وليد أمين | ||
| 245 |
_aخصائص النباتات والأعشاب الطبية / _cوليد أمين قمحية. |
||
| 250 | _aط. 1. | ||
| 260 |
_aعمان، الأردن : _bمؤسسة وليد قمحية للتسويق، _c2011 |
||
| 300 |
_a567 ص. : _bإيض. ؛ _c24 سم. |
||
| 650 |
_aالنباتات الطبية _921127 |
||
| 650 |
_aالعلاج النباتي _9360 |
||
| 942 |
_2ddc _cBOOK |
||
| 999 |
_c34036 _d268536 |
||